| 000 | 00638nam a2200205Ia 4500 | ||
|---|---|---|---|
| 003 | OSt | ||
| 005 | 20220926044631.0 | ||
| 006 | a|||||r|||| 00| 0 | ||
| 007 | ta | ||
| 008 | 220923b |||||||| |||| 00| 0 eng d | ||
| 037 | _cGeneral Book | ||
| 040 |
_aRTL _cRTL _beng |
||
| 041 |
_2eng _aeng |
||
| 082 | _aSegma.n2,N55<--N54, K2.59 | ||
| 245 | 0 |
_aNational survey 1954- 1955 _b 8th round, tables with notes on pattern of hose hold ownership and posserional land in rural areas 1951-54 |
|
| 260 | _c1962 | ||
| 300 |
_a138p _ccm. |
||
| 942 |
_hSegma.n2,N55<--N54, K2.59 _cGB _2CC |
||
| 999 |
_c675404 _d675404 |
||